书目信息 |
| 题名: |
半导体集成电路
|
|
| 作者: | ;邮电五0八厂编写组 编 | |
| 分册: | ||
| 出版信息: | 北京 人民邮电出版社 1977 |
|
| 页数: | 276页 | |
| 开本: | 19cm | |
| 丛书名: | 电信技术普及丛书 | |
| 单 册: | ||
| 中图分类: | TN43 | |
| 科图分类: | ||
| 主题词: | 自然科学--教材 | |
| 电子资源: | ||
| ISBN: | ||
| 000 | 00742nam2 2200253 45 | |
| 001 | 0177003089 | |
| 005 | 20060722154437.26 | |
| 010 | @dCNY0.72 | |
| 091 | @a15045总2158-无628 | |
| 100 | @a19951012d1977 em y0chiy0121 ea | |
| 101 | 0 | @achi |
| 102 | @aCN@b110000 | |
| 105 | @ay z 000yy | |
| 200 | 10 | @a半导体集成电路@Aban dao ti ji cheng dian lu@f邮电五0八厂编写组编@FYou Dian Wu 0 Ba Chang Bian Xie Zu Bian |
| 210 | @a北京@c人民邮电出版社@d1977 | |
| 215 | @a276页@d19cm | |
| 225 | 2 | @a电信技术普及丛书 |
| 410 | 0 | @120010@a电信技术普及丛书 |
| 606 | @a自然科学@x教材 | |
| 690 | @aTN43@v3 | |
| 711 | 02 | @a邮电五0八厂编写组@4编 |
| 801 | 2 | @aCN@bNLC@c20060722 |
| 801 | 0 | @aCN@b广东省中山图书馆@c20060718 |
| 905 | @f1@b1710@dTN43@e1 | |
| 半导体集成电路/邮电五0八厂编写组编.-北京:人民邮电出版社,1977 |
| 276页;19cm.-(电信技术普及丛书) |
| ISBN :CNY0.72 |
| ● |
| 相关链接 |
|
|
|
|
正题名:半导体集成电路
索取号:TN43/1
 
预约/预借
| 序号 | 登录号 | 条形码 | 馆藏地/架位号 | 状态 | 备注 |
| 1 | 0001710 | 001352958 | 密集书库/ [索取号:TN43/1] | 在馆 | |
| 2 | 0001712 | 001352912 | 第二样本阅览室/ [索取号:TN43/1] | 在馆 | |
| 3 | 0001713 | 202228516 | 密集书库/ [索取号:TN43/1] | 在馆 | |
| 4 | 0016055 | 202228552 | 密集书库/ [索取号:TN43/1] | 在馆 | |
| 5 | 0437266 | 204372669 | 密集书库/ [索取号:TN43/1] | 在馆 | |
| 6 | 0438125 | 204381258 | 密集书库/ [索取号:TN43/1] | 在馆 |